Neue Atriumhäuser /
Uložené v:
| Ďalší autori: | |
|---|---|
| Médium: | Kniha |
| Jazyk: | German |
| Vydané: |
München :
Callwey Verlag,
1967 cop.
|
| Vydanie: | 1. Aufl. |
| Edícia: | Baumeister-Querschnitte
3 |
| ISBN: |
(brož.) |
| Fyzický popis: |
103 s. : obr. |
| Tagy: |
Pridať tag
Žiadne tagy, Buďte prvý kto otaguje tento záznam!
|
Titul je dostupný aj v ... 

MARC
| LEADER | 00000nam a2200000 a 4500 | ||
|---|---|---|---|
| 001 | 000200313 | ||
| 005 | 20100619203403.0 | ||
| 008 | 050517s1967 gw o e 000 0 ger d | ||
| 020 | |a (brož.) |c Kčs 185,00 | ||
| 040 | |a SVKKK |b slo |c SVKKK |e AACR2 | ||
| 041 | 0 | |a ger | |
| 044 | |a gw |c DE | ||
| 245 | 0 | 0 | |a Neue Atriumhäuser / |c herausgegeben von Paulhans Peters. |
| 250 | |a 1. Aufl. | ||
| 260 | |a München : |b Callwey Verlag, |c 1967 cop. | ||
| 300 | |a 103 s. : |b obr. | ||
| 490 | 1 | |a Baumeister-Querschnitte |v 3 | |
| 700 | 1 | |a Peters, Paulhans |4 com | |
| 830 | 0 | |a Baumeister-Querschnitte |v 3 | |
| 910 | |a svkkk | ||
| 998 | |a BK | ||
| 090 | |g SCKHL |k Sklad |a IV.60245 |j 407019 |i 2720012072 |s Absenčne | ||